| 000 | 00958nam a22002537a 4500 | ||
|---|---|---|---|
| 005 | 20170123162313.0 | ||
| 010 | _aB-029391 | ||
| 020 |
_c125.00 _a8187667028 |
||
| 035 | _aB-029391 | ||
| 037 | _bCen Lib/Ret | ||
| 040 |
_aDPL _bUR |
||
| 082 |
_a843.08 _bا ج ا |
||
| 100 |
_aاعجاز علی ارشد _9112491 |
||
| 245 |
_aکرشن چندرا کی ناول نگاری / _cاعجاز علی ارشد |
||
| 246 |
_aKrishan Chandra ki novel nigari / _bby Aijaz Ali Arshad |
||
| 260 |
_a دہلی _bاىجوکىشنل پبلشنگ هاؤس _c2000 |
||
| 270 |
_a٣٠١٨، گلی وکیل کوچہ پنڈت، لال کوان _b دہلی _e110006 |
||
| 300 |
_a176p. _c21cm(Hb) |
||
| 650 |
_a ادب - اردو _9112492 |
||
| 650 |
_aچندر، کرشن - تنقید اور تشریح. _9112493 |
||
| 650 |
_aLiterature -- Urdu _9112494 |
||
| 650 |
_aChandar, Krishan -- Criticism and interpretation. _9112495 |
||
| 942 |
_2ddc _cUR _hک _mص د ی |
||
| 999 |
_c106492 _d106492 |
||